| 000 | 01242cam a22003615a 4500 | ||
|---|---|---|---|
| 001 | 014796816 | ||
| 003 | OSt | ||
| 005 | 20160725123647.0 | ||
| 008 | 070511t2008 nyua frb 001 0 eng d | ||
| 010 | _a2007019950 | ||
| 015 |
_aGBB059370 _2bnb |
||
| 016 | 7 |
_a014796816 _2Uk |
|
| 020 | _a9780805850673 (pbk.) | ||
| 020 | _a0805850678 (pbk.) | ||
| 040 |
_aDLC _beng _cDLC _dUk _dEG-ScBUE |
||
| 043 | _an-us--- | ||
| 082 | 0 | 4 |
_a343.73099 _bMOO _222 |
| 100 | 1 |
_aMoore, Roy L. _939131 |
|
| 245 | 1 | 0 |
_aMedia law and ethics / _cRoy L. Moore, Michael D. Murray. |
| 250 | _a3rd ed. | ||
| 260 |
_aNew York ; _aOxon : _bLawrence erlbaum associates / Taylor & Francis Group (Routledge), _cc.2008. |
||
| 300 |
_ax, 803 p. : _bill. ; _c25 cm. |
||
| 490 | 0 | _aLEA's communication series | |
| 500 | _aRev. ed. of : Mass communication law and ethics. 1999. | ||
| 504 | _aIncludes bibliographical references and indexes. | ||
| 650 | 0 |
_aMass media _xLaw and legislation _zUnited States _vCases. _2BUEsh |
|
| 650 | 0 |
_aMass media _xMoral and ethical aspects _vCase studies. _2BUEsh |
|
| 651 | _2BUEsh | ||
| 653 |
_bLLAAWW _cJuly2016 |
||
| 700 | 1 |
_aMurray, Michael D. _940439 |
|
| 700 | 1 |
_aMoore, Roy L. _tMass communication law and ethics. |
|
| 942 | _2ddc | ||
| 999 |
_c22025 _d21997 |
||